00822nam a2200181Ia 4500952011600000999001700116008004100133020001500174050002400189100002600213245014100239260003100380300005000411500013000461519000900591650003300600942000700633 00102lcc4070a11b11d2015-07-09l1oTR146 D38518 2000p11 012178r2018-05-09s2018-05-09t1w2015-07-09yLB c68190d68190120626s2000 sp 000 0 spa d a8495376156 aTR146 bD38518 2000 aDavies, Adrianeautor aEnciclopedia de la fotografía. bUna guía visual de la A a la Z, con una inspiradora galería de obras terminadasc/ Davies, Adrian aBarcelona b: Acantoc2000 a160 páginasb: ilustraciones, fotografías aTraducción de: The Encyclopedia of photography: an A to Z, visual directory, with an inspirational gallery of finished work a d  aFOTOGRAFÍAxMANUALES, ETC. cLB